| 000 | 01135cam a2200301Ia 4500 | ||
|---|---|---|---|
| 999 |
_c6589 _d6589 |
||
| 003 | OSt | ||
| 005 | 20200225082944.0 | ||
| 008 | 140721s2010 ck fr 000 0 spa d | ||
| 020 | _a9789586486583 | ||
| 040 |
_aCO-BoUCM _bspa _cCO-JMCR |
||
| 041 | 0 | _aspa | |
| 082 | 0 | 4 |
_a613.62 / _bH493s |
| 100 | 1 |
_aHenao Robledo, Fernando, _eautor _963214 |
|
| 245 | 1 | 0 |
_aSalud ocupacional : _bconceptos básicos / _cFernando Henao Robledo |
| 250 | _aSegunda edición | ||
| 260 |
_aBogotá (Colombia) : _bEcoe Ediciones, _c2010 |
||
| 300 |
_a129 páginas ; _c24 cm. |
||
| 490 | _aColección : textos universitarios | ||
| 504 | _aIncluye referencias bibliográficos. | ||
| 520 | _aHistoria mundial de la salud ocupacional -- Historia de la salud ocupacional en Colombia -- Salud - Trabajo -- Definiciones básicas de salud ocupacional -- Enfermedades profesionales | ||
| 650 | 7 |
_aSalud ocupacional _923954 |
|
| 650 | 7 |
_aMedicina industrial _919164 |
|
| 650 | 7 |
_aHigiene industrial _916833 |
|
| 650 | 2 | 4 |
_aSalud ocupacional _9891 |
| 650 | 7 |
_aEnfermedades profesionales _914449 |
|
| 690 |
_942910 _aSalud ocupacional |
||
| 942 | _cBK | ||